Statistics for Maluma Filmography

Click here to take the quiz!

General Stats

  • This quiz has been taken 12 times
    (5 since last reset)
  • The average score is 3 of 12

Answer Stats

TypeYearName% Correct
Film2022Marry Me
100%
TV Show2017-2018La Voz
50%
Short Documentary2017X (The Film)
50%
Film2021Encanto
25%
TV Show2014-2015, 2018La Voz Kids Colombia
25%
TV Show2017La Voz Kids México
25%
Documentary2019Maluma: Lo Que Era, Lo Que Soy, Lo Que Sere
25%
Award Show20142014 Nickelodeon Colombia Kids' Choice Awards
0%
TV Show2016Despertar Contigo
0%
TV Show2012Historias Clasificadas
0%
Web Series2022Mi Selección Colombia
0%
TV Show2022The Voice
0%

Score Distribution

Percentile by Number Answered

Percent of People with Each Score

Your Score History

You have not taken this quiz since the last reset